Teoría y problemas de programación Basic: incluye Basic para microcomputador

保存先:
書誌詳細
第一著者: Gottfried, Byron S (著者)
フォーマット: 図書
言語:スペイン語
出版事項: Ciudad de México McGraw Hill 1988
シリーズ:Compendios Shaum
主題:
タグ: タグ追加
タグなし, このレコードへの初めてのタグを付けませんか!

MARC

LEADER 00000nam a2200000 a 4500
001 UCR6465
003 CL-VaPUC
008 980423e19880000MX |||||||||||||||||spa|d
082 0 4 |a 005.133  |b GOT  |2 21 
100 |a Gottfried, Byron S  |e author  |9 425147 
245 1 0 |a Teoría y problemas de programación Basic: incluye Basic para microcomputador 
300 |a 398 p 
942 |c BK 
945 |d 19980423 00:00:00  |a lriquelm 
260 |a Ciudad de México  |b McGraw Hill  |c 1988 
650 7 |a BASIC  |2 CL-VaPUC  |9 259771 
650 7 |a PROBLEMAS  |2 CL-VaPUC  |9 269806 
650 0 |a Ejercicios   |9 269807 
650 0 |a Lenguajes de programación   |9 259458 
650 0 |a Programación de computadores   |9 259531 
583 |a last modification  |c 19980423 00:00:00  |k Rodrigo Vera 
490 0 |a Compendios Shaum 
999 |c 268549  |d 268547 
952 |0 0  |1 0  |4 0  |6 005_133000000000000_GOT_1988  |7 0  |8 A  |9 301745  |a BIBGIM  |b BIBGIM  |d 2019-11-20  |i 2564122  |o 005.133 GOT 1988  |p 2564122  |r 2025-01-15  |w 2019-11-20  |y BK  |k COM 
952 |0 0  |1 0  |4 0  |6 005_133000000000000_GOT_1988  |7 0  |8 A  |9 301746  |a BIBGIM  |b BIBGIM  |d 2019-11-20  |i 2564114  |o 005.133 GOT 1988  |p 2564114  |r 2025-01-15  |w 2019-11-20  |y BK  |k COM